Statistics for All ghost recon wildlands bosses

Click here to take the quiz!

General Stats

  • This quiz has been taken 72 times
  • The average score is 14 of 37

Answer Stats

HintAnswers% Correct
boss of bossesEl sueno
98%
itacuaLa yuri
73%
itacuaEl polito
70%
head of securityEl muro
65%
pucaraDj perico
58%
head of productionEl yayo
58%
flor de oroGeneral baro
53%
underbossLa plaga
53%
head of smugglingThe beauty queen
50%
koaniBoston Reed
48%
media lunaEl commandante
45%
remanzoEl gato
45%
underbossLa gringa
45%
montuyocCarl Bookhart
43%
libertadMarcus Jensen
43%
head of influenceEl cardinal
40%
underbossRamon Feliz
40%
malcaEl chido
38%
villa verdeEl wey
38%
tabacalMadre coca
38%
caimanesEl cerebro
35%
ocoroEl emisario
35%
barvechosEl pulpo
35%
espiritu santoLa santera
35%
p.n de agua verdeCarzita
33%
san mateoEl pozolero
33%
mojocoyoAntonio
28%
underbossEl boquita
25%
boss of narco roadEl invisible
23%
inca camainaLa cabra
18%
los jintes locosTonio Mateos
10%
the death ridersArturo Rey
8%
northern precinctDante Cruzar
5%
los kamikazisEddie Escavado
5%
western precinctLuis Rocha
5%
boss of fallen ghostColonel Merlo
3%
eastern precinctTomas Ortega
3%

Score Distribution

Percentile by Number Answered

Percent of People with Each Score

Your Score History

You have not taken this quiz